| 000 | 00667nam a2200217Ia 4500 | ||
|---|---|---|---|
| 003 | IN-BaIIA | ||
| 005 | 20250729151847.0 | ||
| 008 | 211028s9999 xx 000 0 eng d | ||
| 040 | _cIIA Library | ||
| 080 |
_a083.550.38 _bIAGA-12R2 |
||
| 100 |
_aPrice, A. T. _95396 |
||
| 245 | 0 |
_aGeomagnetic data 1963 rapid variation _cA. T. Price Romana A. and Veldkamp J. |
|
| 260 |
_aParis _bIUGG Publications _c1967 |
||
| 300 | _avi, 73p. | ||
| 490 | _aIAGA Bulletin; no.12 pt. 2 | ||
| 650 | _aGeomagnetic Data | ||
| 650 | _aNASA Thesaurus | ||
| 700 |
_aRomana, A. _9207 |
||
| 700 |
_aVeldkamp, J. _9208 |
||
| 942 |
_cBK _2ddc |
||
| 999 |
_c3037 _d3037 |
||